000 00275nam a2200109Ia 4500
008 190216s9999||||xx |||||||||||||| ||und||
100 _aDamodar Darmanand Kosambi
245 0 _aThiranjedutha Prabandangal
260 _bJanaskti Publications
650 _aLekhanam
942 _cBK
999 _c26667
_d26667